Zbierka úloh z technickej mechaniky pre SOU učebného odboru strojárstvo /

Hlavní autor: Mičkal, Karel
Jazyk: Slovenština
Vydáno: Bratislava : Alfa, 1986
Vydání: 2. vydanie
Edice: Edícia strojárskej literatúry (Alfa)
Témata:
Fyzický popis: 303 stran : ilustrace ; 8°
Knihy
Uloženo v:
LEADER 01277nam a22003372i 4500
001 000361609
003 CZ BrMZK
005 20160516150147.0
007 ta
008 980105s1986 xo a f slo d
040 |a PNA001  |b cze  |d BOA001  |e rda 
041 1 |a slo  |h cze 
072 7 |x Obecná mechanika. Mechanika pevných a tuhých těles  |a 531  |2 Konspekt  |9 6 
080 9 |a 531.8  |2 MRF 
080 |a (076.5)  |2 MRF 
080 |a (075.3)  |2 MRF 
100 1 |a Mičkal, Karel  |7 jx20040618024  |4 aut 
240 1 0 |a Sbírka úloh z technické mechaniky.  |l Slovensky 
245 1 0 |a Zbierka úloh z technickej mechaniky pre SOU učebného odboru strojárstvo /  |c Karel Mičkal ; z českého originálu Sbírka úloh z technické mechaniky preložil Róbert Binder 
250 |a 2. vydanie 
264 1 |a Bratislava :  |b Alfa,  |c 1986 
300 |a 303 stran :  |b ilustrace ;  |c 8° 
336 |a text  |b txt  |2 rdacontent 
337 |a bez média  |b n  |2 rdamedia 
338 |a svazek  |b nc  |2 rdacarrier 
490 1 |a Edícia strojárskej literatúry 
650 0 7 |a technická mechanika  |7 ph126462  |2 czenas 
830 0 |a Edícia strojárskej literatúry (Alfa)  |0 s 
910 |a BOA001  |b M2-0901.315 
990 |a BK 
996 7 |b 2619824647  |c M2-0901.315  |l MZK  |r Sklad / do 24 hodin  |n 2  |w 000361609  |u 000010  |a 1  |e BOA001  |j MZK50  |s A